| 000 | 00608pam a2200217 a 4500 | ||
|---|---|---|---|
| 020 | _c1433.33 (Paper Binding) | ||
| 040 | _aDental College Lib | ||
| 041 |
_aeng _h |
||
| 082 |
_a617.522 _bCOT |
||
| 100 | _aCottone, James A. | ||
| 245 |
_aPractical Infection Control in Dentistry / _c. _hTextual Documents |
||
| 250 |
_a1st ed / _b. |
||
| 260 |
_aPhiladelphia : _blea & Febiger , _c1991. |
||
| 300 |
_a446 ; _c. |
||
| 365 | _a1433.33 | ||
| 653 | _aOral Surgery | ||
| 700 |
_aTerezhalmy, Geza T. _aMolinari, John A. |
||
| 930 | _a599 | ||
| 999 |
_c40002 _d40002 |
||